000 00459nam a22001337a 4500
999 _c13613
_d13613
082 _a808.84
_bو ل ڈ
100 _aول ڈیورانٹ
245 _aول ڈیورانٹ اور ایریل ڈیورانٹ کی آپ بیتی
260 _aلاہور
_bفکشن ہاؤس
_c٢٠٠٢
300 _a٦٠٨ صفحات
650 _aAap Beeti, Autobiography, Wil Deorant, Aeril Deorant, Saud Ul Hassan Khan
700 _aسعود الحسن خان
942 _cBK